Montážne pracovisko s robotom KUKA LBR IIWA

Gespeichert in:
Bibliographische Detailangaben
1. Verfasser: Môcik, Erik (Verfasst von)
Weitere Verfasser: Chovanec, Ľuboš (Betreuung Doktorarbeit)
Format: Manuskript Buch
Sprache:Slowakisch
Veröffentlicht: Bratislava : STU v Bratislave FEI, 2023
Schlagworte:
Online-Zugang:https://opac.crzp.sk/?fn=detailBiblioFormChildMATFB&sid=08878EB2E7E37CD0989B77C0752B&seo=CRZP-detail-kniha
Tags: Tag hinzufügen
Keine Tags, Fügen Sie das erste Tag hinzu!

MARC

LEADER 00000ntm a22000003a 4500
001 stuzp92003
003 SK-STU
005 20241121102559.9
007 ta
008 150427s2015----xo-----f-mn---000-0-slo-d
040 |a STU  |b slo 
041 0 |a slo 
044 |a xo 
100 1 |a Môcik, Erik  |u 031000  |4 aut  |U FEI Fakulta elektrotechniky a informatiky  |T FEI Ústav robotiky a kybernetiky  |X 111126  |U E011  |Y 356  |7 111126 
242 0 1 |a Assembly Workplace with the KUKA LBR IIWA Robot  |y eng 
245 1 0 |a Montážne pracovisko s robotom KUKA LBR IIWA 
260 |a Bratislava :  |b STU v Bratislave FEI,  |c 2023 
300 |a 51 s. 
650 4 |a KUKA  |2 slo 
650 4 |a Montážne pracovisko  |2 slo 
650 4 |a Skrutkovanie  |2 slo 
650 4 |a Kobot  |2 slo 
650 4 |a KUKA LBR IIWA  |2 slo 
650 4 |a KUKA  |2 eng 
650 4 |a Assembly workplace  |2 eng 
650 4 |a Screwdriving  |2 eng 
650 4 |a Cobot  |2 eng 
650 4 |a KUKA LBR IIWA  |2 eng 
700 1 |a Chovanec, Ľuboš  |u 031000  |k Z1  |4 ths  |U FEI Fakulta elektrotechniky a informatiky  |T FEI Ústav robotiky a kybernetiky  |X 16076  |U E011  |Y 356  |7 A000016076 
856 4 |u https://opac.crzp.sk/?fn=detailBiblioFormChildMATFB&sid=08878EB2E7E37CD0989B77C0752B&seo=CRZP-detail-kniha